000 00304nam a22001337a 4500
008 171011b xxu||||| |||| 00| 0 eng d
020 _a9780761987277
041 _aeng
080 _23RD
_a316
100 _a50
101 _aSOC
245 _aINVESTIGATING THE SOCIAL WORD
_cSCHUTT,R.K
942 _2udc
_cBK
999 _c33216
_d33216